LEADER 00497nam 2200169z- 450 001 9910693643303321 035 $a(CKB)4970000000033776 035 $a(EXLCZ)994970000000033776 100 $a20240129c2002uuuu -u- - 101 0 $aeng 200 00$aHealth insurance : states' protections and programs benefit some unemployed individuals 210 $aWashington, D.C 517 $aHealth Insurance 906 $aDOCUMENT 912 $a9910693643303321 996 $aHealth Insurance$9437620 997 $aUNINA